000 00516nam a2200181Ia 4500
008 090123s9999 xx 000 0 und d
082 _b26281
100 _aपवार रमेश
245 _aआवाज कुणाचा
250 _a1
260 _bअर्चना प्रकाशन
300 _a131
600 _aपवार रमेश
630 _aआवाज कुणाचा
700 _aपवार रमेश
730 _aआवाज कुणाचा
942 _cBOOK
999 _c64351
_d64351